[Event "Istanbul Kartal op"]
[Site "Istanbul"]
[Date "2015.06.24"]
[Round "2"]
[White "Gungor, Almir"]
[Black "Yeke, Serkan"]
[Result "0-1"]
[WhiteElo "1736"]
[BlackElo "2217"]
[PlyCount "80"]
[EventDate "2015.06.23"]
[EventType "swiss"]
[EventRounds "9"]
[EventCountry "TUR"]
[SourceTitle "CBM 167 Extra"]
[Source "ChessBase"]
[SourceDate "2015.09.14"]
[SourceVersion "1"]
[SourceVersionDate "2015.09.14"]
[SourceQuality "1"]

1. e4 c5 2. Nf3 d6 3. Bb5+ Nc6 4. c3 Nf6 5. Qe2 e6 6. 0-0 Be7 7. d4 Bd7 8. Rd1 cxd4 9. cxd4 a6 10. Ba4 0-0 11. Nc3 b5 12. Bc2 b4 13. Na4 Na7 14. b3 Nb5 15. Bb2 Qc7 16. Rac1 Qb7 17. Nd2 Rac8 18. Nc4 d5 19. Ncb6 Rcd8 20. e5 Ne8 21. Bb1 f6 22. f4 fxe5 23. fxe5 g6 24. Rd3 Ng7 25. g4 Bh4 26. Rf1 Rxf1+ 27. Qxf1 Rf8 28. Qh3 Bf2+ 29. Kh1 Be8 30. Qh6 Qf7 31. Rh3 Nh5 32. Bf5 gxf5 33. Rxh5 fxg4 34. Rg5+ Kh8 35. Qf6+ Qxf6 36. exf6 Bg6 37. Rxg6 hxg6 38. Nd7 Rf7 39. Nac5 Bxd4 40. Bxd4 Nxd4 0-1